MLB Best Players per Team - Statistics

General Stats
  • This quiz has been taken 28 times
  • The average score is 17 of 30
Answer Stats
Team Year Position Answer % Correct
Angels 2011- CF Mike Trout
96%
Yankees 1914-1935 P/RF Babe Ruth
85%
Mets 1992-2007 C Mike Piazza
78%
Dodgers 1955-1966 SP Sandy Koufax
78%
Red Sox 1939-1960 LF Ted Williams
78%
Orioles 1981-2001 SS Cal Ripken Jr.
74%
Rays 2008-2017 3B Evan Longoria
74%
Diamondbacks 1988-2009 P Randy Johnson
74%
Braves 1955-1976 RF Hank Aaron
67%
Mariners 1989-2010 CF Ken Griffey Jr.
67%
Cubs 1984-2003 RF Sammy Sosa
67%
Giants 1951-1973 CF Willie Mays
67%
Padres 1982-2001 RF Tony Gwynn
63%
Marlins 2010- RF Giancarlo Stanton
59%
Reds 1963-1986 1B Pete Rose
59%
Tigers 1905-1921 CF Ty Cobb
59%
Rangers 1966-1993 SP Nolan Ryan
56%
Royals 1973-1999 3B George Brett
52%
Phillies 1972-1989 3B Mike Schmidt
52%
Guardians/Indians 1936-1956 P Bob Feller
44%
Astros 1987-2007 C Craig Biggio
44%
Pirates 1897-1917 SS Honus Wagner
44%
Athletics 1979-2003 LF Rickey Henderson
44%
Brewers 1974-1993 SS/CF Robin Yount
44%
Cardinals 1941-1963 1B/OF Stan Musial
44%
Rockies 1997-2013 1B Todd Helton
44%
Twins 1945-1975 LF Harmon Killebrew
41%
White Sox 1951-1966 1B Frank Thomas
37%
Blue Jays 1988-2004 2B Roberto Alomar
26%
Nationals 1996-2001 RF Vladimir Guerrero Sr.
0%
No matching quizzes found
Score Distribution
Percent of People with Each Score
Percentile by Number Answered
Your Score History
You have not taken this quiz